| 000 | 00647nam a22002292 4500 | ||
|---|---|---|---|
| 001 | 0000003874 | ||
| 005 | 20151217154342.0 | ||
| 008 | 070516s xx 000 0 eng d | ||
| 020 |
_a0333962579 : _cKES 3,465 |
||
| 040 |
_aKABU _cKABU |
||
| 050 | 0 |
_aQD31.2 _b.L49 2001 |
|
| 100 | 1 |
_aLewis, Rob. _@0000016609 |
|
| 245 | 1 | 0 |
_aChemistry / _cRob Lewis and Wynne Evans. |
| 250 | _a2nd ed. | ||
| 260 |
_aNew York : _bPalgrave Macmillan, _c2001. |
||
| 300 | _axi, 465 p. | ||
| 650 | 0 |
_aChemistry. _@0000148202 |
|
| 700 | 1 |
_aEvans, Wynne. _@0000154086 |
|
| 908 | _a070516 | ||
| 950 | _@1 | ||
| 999 |
_c10705 _d10705 |
||